Catálogo público

Modelado de sistemas de producción de frio por compresión mecánica aplicados a la agroindustria / (Record no. 174128)

MARC details
000 -CABECERA
campo de control de longitud fija 04780nam a2200433 a 4500
001 - NÚMERO DE CONTROL
campo de control dia_3618
003 - IDENTIFICADOR DEL NÚMERO DE CONTROL
campo de control CHAP
005 - FECHA Y HORA DE LA ÚLTIMA TRANSACCIÓN
campo de control 20250425094217.0
007 - CAMPO FIJO DE DESCRIPCIÓN FÍSICA--INFORMACIÓN GENERAL
campo de control de longitud fija ta
008 - DATOS DE LONGITUD FIJA--INFORMACIÓN GENERAL
campo de control de longitud fija 220117s2005 mx ad frm 001 0 spa d
010 ## - NÚMERO DE CONTROL DE LA BIBLIOTECA DEL CONGRESO
Número de control de LC 174128
040 ## - FUENTE DE LA CATALOGACIÓN
Centro/agencia transcriptor CHAP
Centro catalogador/agencia de origen mxchpua
041 0# - CÓDIGO DE LENGUA
Código de lengua del texto/banda sonora o título independiente spa
Código de lengua del sumario o resumen eng
090 ## - LOCALMENTE ASIGNADO TIPO-LC NÚMERO DE CLASIFICACIÓN (OCLC); NÚMERO DE CLASIFICACIÓN LOCAL (RLIN)
Número de clasificación (OCLC) (R) ; Numero de clasificación, CALL (RLIN) (NR) Tesis
Número cutter local (OCLC) ; Número de libro/Signatura topográfica íntegra, CALL (RLIN) O78
año 2005
100 1# - ENTRADA PRINCIPAL--NOMBRE DE PERSONA
Nombre de persona Ortega Montiel, Pablo
240 10 - TÍTULO UNIFORME
Título uniforme Modelling cold production systems by mechanical compression applied to the agroindustry.
Lenguaje de la obra Español
245 10 - MENCIÓN DE TÍTULO
Título Modelado de sistemas de producción de frio por compresión mecánica aplicados a la agroindustria /
Mención de responsabilidad, etc. Pablo Ortega Montiel
264 ## - PRODUCCIÓN, PUBLICACIÓN, DISTRIBUCIÓN, FABRICACIÓN Y COPYRIGHT
Producción, publicación, distribución, fabricación y copyright Chapingo, México :
Nombre del de productor, editor, distribuidor, fabricante El autor,
Fecha de producción, publicación, distribución, fabricación o copyright 2005
300 ## - DESCRIPCIÓN FÍSICA
Extensión xii, 99 hojas :
Otras características físicas ilustraciones, tablas, gráficas
336 ## - TIPO DE CONTENIDO
Fuente rdacontent
Término de tipo de contenido texto
Código de tipo de contenido txt
337 ## - TIPO DE MEDIO
Fuente rdamedia
Nombre/término del tipo de medio no mediado
Código del tipo de medio n
338 ## - TIPO DE SOPORTE
Fuente rdacarrier
Nombre/término del tipo de soporte volumen
Código del tipo de soporte nc
502 ## - NOTA DE TESIS
Nota de tesis Tesis
Tipo de título (Ingeniero Agroindustrial) --
Nombre de la institución que otorga el título UACh. Departamento de Ingeniería Agroindustrial,
Año de obtención del título 2005
504 ## - NOTA DE BIBLIOGRAFÍA, ETC.
Nota de bibliografía, etc. Bibliografía : hojas 91-93
520 3# - SUMARIO, ETC.
Sumario, etc. La refrigeración y congelación, son procesos que complementan muchas de las actividades agroindustriales; el sistema de compresión mecánica es el más difundido para producir frío ya que permite implementar instalaciones frigoríficas con diversos rangos de temperatura, así como su uso en diversas aplicaciones, desde pequeños refrigeradores hasta complejos sistemas frigoríficos. El diseño y análisis de estos sistemas requiere la utilización de tablas, diagramas y ecuaciones matemáticas, haciendo lento su cálculo en forma manual, mediante el modelado y aplicando un programa de cómputo se obtuvo una herramienta didáctica para agilizar este proceso. Usando modelos de regresión se obtuvieron ecuaciones empíricas a partir de la información de las tablas de los refrigerantes, se aplicaron balances de materia y energía a 22 modelos de refrigeración y congelación y el programa, denominado MSP-Frío, se desarrolló usando programación orientada a objetos con el lenguaje de programación Delphi Versión 5.0. El programa da como resultados los valores de la variables de los procesos termodinámicos, el diagrama de Mollier presión-entalpía y el análisis termodinámico, entre los que destacan flujos másicos y volumétricos de refrigerante, potencias de compresores y bombas, así como los diferentes rendimientos, COP ideal, COP real, rendimiento económico y rendimiento exergético. Los resultados obtenidos por el programa no tienen diferencias significativas con los calculados de forma manual, permitiendo obtener el análisis de cada modelo planteado en forma instantánea, la herramienta obtenida es compatible con los sistemas operativos Windows de Microsoft
520 3# - SUMARIO, ETC.
Sumario, etc. The refrigeration and freezing, are processes that complement many of the agroindustry activities; the system of mechanical compression is spread to produce cold since it allows to implement refrigerating facilities with diverse temperature ranks, as well as its use in diverse applications, from small refrigerators to complex refrigerating systems. The design and analysis of these systems require the use of tables, diagrams and mathematical equations, making its calculation in manual form slow, by means of the modelling one and apply a calculation program, it was obtained a didactic tool to make agile this process. Empirical equations were obtained using regression models with information of coolants tables, then were applied a balance of matter and energy to 22 models of refrigeration and freezing and the program, denominated MSP-Frío, was developed using object-oriented programming with the Delphi Version 5.0. The program gives like results the values of the variables in the thermodynamic processes, the Mollier diagram pressureentalphy, and the thermodynamic analysis, about mass and volumetric flows of coolant, powers of compressors and pumps, as well as the different performances (ideal COP, real COP, economic performance and exergetic performance). The results obtained by the program have not significant differences with the manual estimated, allowing to obtain the analysis of each model raised in instantaneous form, the obtained tool is compatible with the operating systems Windows of Microsoft.
650 13 - PUNTO DE ACCESO ADICIONAL DE MATERIA--TÉRMINO DE MATERIA
Término de materia o nombre geográfico como elemento de entrada Refrigeración
Fuente del encabezamiento o término atg
650 13 - PUNTO DE ACCESO ADICIONAL DE MATERIA--TÉRMINO DE MATERIA
Término de materia o nombre geográfico como elemento de entrada Frío
Fuente del encabezamiento o término atg
650 13 - PUNTO DE ACCESO ADICIONAL DE MATERIA--TÉRMINO DE MATERIA
Término de materia o nombre geográfico como elemento de entrada Refrigeration
Fuente del encabezamiento o término atg
650 13 - PUNTO DE ACCESO ADICIONAL DE MATERIA--TÉRMINO DE MATERIA
Término de materia o nombre geográfico como elemento de entrada Cold
Fuente del encabezamiento o término atg
700 1# - PUNTO DE ACCESO ADICIONAL--NOMBRE DE PERSONA
Nombre de persona Covarrubias Gutiérrez, Ignacio
Término indicativo de función/relación director
700 1# - PUNTO DE ACCESO ADICIONAL--NOMBRE DE PERSONA
Nombre de persona Reyes Vigil, Miguel
Término indicativo de función/relación asesor
700 1# - PUNTO DE ACCESO ADICIONAL--NOMBRE DE PERSONA
Nombre de persona Marchand Ortega, Rubén
Término indicativo de función/relación asesor
856 41 - LOCALIZACIÓN Y ACCESO ELECTRÓNICOS
Identificador Uniforme del Recurso <a href="http://10.13.5.2/tesis/102772.pdf">http://10.13.5.2/tesis/102772.pdf</a>
Texto de enlace DESCARGAR PDF
901 ## - ELEMENTOS DE DATOS A LOCAL LDA (RLIN)
a TESIS O78 2005
942 ## - ELEMENTOS DE PUNTO DE ACCESO ADICIONAL (KOHA)
Tipo de ítem Koha TESIS
Fuente del sistema de clasificación o colocación Clasificación Universidad Autónoma Chapingo
902 ## - ELEMENTOS DE DATOS B LOCAL, LDB (RLIN)
a M
905 ## - ELEMENTOS DE DATOS E LOCAL, LDE (RLIN)
a 0000002005 mx 0000000000spa00
Holdings
Estado de retiro Estado de pérdida Fuente del sistema de clasificación o colocación Estado dañado Restricciones de uso No para préstamo Código de colección Localización permanente Ubicación/localización actual Fecha de adquisición Fuente de adquisición Total de préstamos Signatura topográfica completa Código de barras Fecha visto por última vez Número de copia Precio válido a partir de Tipo de ítem Koha Ubicación en estantería
    Clasificación Universidad Autónoma de Chapingo   Préstamo interno   Tesis Ingenieria Agroindustrial Ingenieria Agroindustrial 25/04/2025 El autor   Tesis O78 2005 1101009073 02/02/2026 Ej.1 25/04/2025 Tesis  
    Clasificación Universidad Autónoma de Chapingo   Préstamo 5 días   Tesis Ingenieria Agroindustrial Ingenieria Agroindustrial 25/04/2025 El autor   Tesis O78 2005 1101009074 02/02/2026 Ej.2 25/04/2025 Tesis  
    Clasificación Universidad Autónoma de Chapingo       Tesis digitales de Licenciatura Ingenieria Agroindustrial Ingenieria Agroindustrial 25/04/2025 El autor     1201009073 25/04/2025   25/04/2025 Tesis digital En línea